[Event "40th Olympiad Women"]
[Site "Istanbul TUR"]
[Date "2012.09.05"]
[Round "8.28"]
[Board "3"]
[White "Baptista, Ana Filipa"]
[Black "Nguyen, Thu Giang"]
[Result "0-1"]
[WhiteTitle "WFM"]
[WhiteElo "2152"]
[BlackElo "2105"]
[WhiteTeam "Portugal"]
[BlackTeam "Australia"]
[WhiteFideId "1902970"]
[BlackFideId "12400980"]
[EventDate "2012.08.28"]

1. e4 c6 2. d4 d5 3. exd5 cxd5 4. Bd3 Nc6 5. c3 Qc7 6. Nf3 Bg4 7. Nbd2 Nf6 8.
O-O e6 9. Re1 Bd6 10. Nf1 O-O 11. Bg5 Nd7 12. Bh4 Kh8 13. Bg3 a6 14. h3 Bh5 15.
Bxd6 Qxd6 16. Ng3 Bg6 17. Bxg6 hxg6 18. Qd2 Kg8 19. h4 f6 20. Qd3 Kf7 21. h5
gxh5 22. Nh4 Ne7 23. Nxh5 Rh8 24. Qf3 g6 25. Nf4 Rxh4 26. Nxe6 Qh2+ 27. Kf1 Qh1+
28. Ke2 Re4+ 29. Kd2 Qh6+ 30. Kc2 Rxe6 31. Rxe6 Kxe6 32. Re1+ Ne5 33. Qg4+ Nf5
34. dxe5 fxe5 35. Qb4 Nd6 36. Qg4+ Nf5 37. Qb4 b5 38. f4 Qf8 39. Rxe5+ Kf6 40.
Qa5 Qc5 41. Kd3 Qc4+ 42. Kc2 Nd4+ 43. Kd2 Nc6 44. Qb6 Qxf4+ 45. Re3 Rc8 46. Ke2
Qd6 47. Rf3+ Kg7 48. Re3 Rb8 0-1

[Event "40th Olympiad Women"]
[Site "Istanbul TUR"]
[Date "2012.09.05"]
[Round "8.28"]
[Board "4"]
[White "Dekic, Biljana N."]
[Black "Oliveira, Maria Ines"]
[Result "1/2-1/2"]
[WhiteTitle "WIM"]
[WhiteElo "2104"]
[BlackElo "1927"]
[WhiteTeam "Australia"]
[BlackTeam "Portugal"]
[WhiteFideId "3200493"]
[BlackFideId "1909436"]
[EventDate "2012.08.28"]

1. e4 c5 2. Nf3 e6 3. d4 cxd4 4. Nxd4 Nc6 5. c4 Nf6 6. Nc3 d6 7. Be2 Be7 8. Be3
O-O 9. O-O a6 10. a3 Bd7 11. Qd2 Nxd4 12. Bxd4 Bc6 13. f3 Qb8 14. Rac1 Nd7 15.
b4 b6 16. Kh1 Qa7 17. Rfd1 Rac8 18. Bf1 Rfd8 19. Qf2 Bf8 20. h3 Kh8 21. Bd3 Rb8
22. Bc2 Kg8 23. Bb3 Rdc8 24. Qg3 Re8 25. h4 Rbc8 26. Qf2 Rb8 27. h5 h6 28. Ba4
Bxa4 29. Nxa4 Qb7 30. Qg3 Rbc8 31. Qf2 Rb8 32. g4 b5 33. Nb2 Be7 34. Qe2 Rbc8
35. Kg2 Rc7 36. cxb5 axb5 37. Rxc7 Qxc7 38. Rd2 Qb7 39. Nd1 Qa6 40. Qd3 Rc8 41.
Bb2 Nb6 42. Rc2 Nc4 43. Bc1 Rc6 44. Ra2 Ne5 45. Qe2 Rxc1 46. a4 Qb7 47. axb5 Rc4
48. Rb2 Bg5 49. Nf2 Qxb5 50. Nh3 Be7 51. Nf2 d5 52. exd5 Qxd5 53. b5 Rc7 54. b6
Rb7 55. Rb5 Bc5 56. Ne4 Nd7 57. Nxc5 Nxc5 58. Qc2 Qd3 59. Qxc5 Qe2+ 60. Kg3 Qe1+
61. Kh2 Qe2+ 1/2-1/2

[Event "40th Olympiad Women"]
[Site "Istanbul TUR"]
[Date "2012.09.05"]
[Round "8.29"]
[Board "1"]
[White "Reizniece-Ozola, Dana"]
[Black "Razan, Alshaeby"]
[Result "1-0"]
[WhiteTitle "WGM"]
[WhiteElo "2251"]
[BlackElo "1687"]
[WhiteTeam "Latvia"]
[BlackTeam "Jordan"]
[WhiteFideId "11601124"]
[BlackFideId "8102953"]
[EventDate "2012.08.28"]

1. c4 Nf6 2. Nc3 e6 3. e4 c5 4. e5 Ng8 5. Nf3 Nc6 6. d4 cxd4 7. Nxd4 Nxe5 8.
Ndb5 a6 9. Nd6+ Bxd6 10. Qxd6 f6 11. Be2 Ne7 12. f4 Nf5 13. Qd2 Nc6 14. Bh5+ g6
15. Bd1 O-O 16. O-O Qb6+ 17. Kh1 Qd4 18. g4 Qxd2 19. Bxd2 Nd6 20. c5 Nc4 21. Bc1
b5 22. b3 N4a5 23. Bb2 Bb7 24. Bf3 Nd4 25. Bxb7 Nxb7 26. Rad1 e5 27. Ne4 Ne6 28.
fxe5 fxe5 29. Nf6+ Rxf6 30. Rxf6 Nbxc5 31. Bxe5 Rf8 32. Rxf8+ Kxf8 33. b4 Ne4
34. Kg2 Ke7 35. h4 d6 36. Kf3 dxe5 37. Kxe4 Nd4 38. Kxe5 Nc6+ 39. Kd5 Nxb4+ 40.
Kc5 Nxa2 41. Ra1 Nc3 42. Rxa6 g5 43. Kd4 b4 44. h5 Kf7 45. Rb6 Ne2+ 46. Ke5 Nf4
47. Rb7+ Ke8 48. Rxh7 1-0

[Event "40th Olympiad Women"]
[Site "Istanbul TUR"]
[Date "2012.09.05"]
[Round "8.29"]
[Board "3"]
[White "Skinke, Katrina"]
[Black "Boshra, Alshaeby"]
[Result "1-0"]
[WhiteTitle "WIM"]
[BlackTitle "WFM"]
[WhiteElo "2226"]
[BlackElo "1927"]
[WhiteTeam "Latvia"]
[BlackTeam "Jordan"]
[WhiteFideId "11602260"]
[BlackFideId "8102937"]
[EventDate "2012.08.28"]

1. e4 c5 2. Nf3 Nc6 3. d4 cxd4 4. Nxd4 e5 5. Nb5 d6 6. N1c3 a6 7. Na3 Be6 8. Nc4
Rb8 9. a4 b5 10. Ne3 b4 11. Ncd5 Qc8 12. Bxa6 Qd8 13. Bb5 Bd7 14. O-O Nf6 15.
Nxf6+ Qxf6 16. Nd5 Qd8 17. Be3 Be7 18. Qd2 O-O 19. Rfd1 f5 20. exf5 1-0

[Event "40th Olympiad Women"]
[Site "Istanbul TUR"]
[Date "2012.09.05"]
[Round "8.29"]
[Board "4"]
[White "Alattar, Ghayda M."]
[Black "Erneste, Inguna"]
[Result "0-1"]
[WhiteTitle "WFM"]
[BlackTitle "WGM"]
[WhiteElo "1921"]
[BlackElo "2203"]
[WhiteTeam "Jordan"]
[BlackTeam "Latvia"]
[WhiteFideId "8101531"]
[BlackFideId "11600241"]
[EventDate "2012.08.28"]

1. d4 d5 2. Nc3 Nf6 3. Bg5 e6 4. e4 dxe4 5. Nxe4 Be7 6. Bxf6 Bxf6 7. Nf3 O-O 8.
Qd2 b6 9. O-O-O Bb7 10. Qf4 Be7 11. Bd3 Nd7 12. Neg5 Nf6 13. h4 h6 14. Kb1 Bxf3
15. gxf3 Qd6 16. Qe3 Rfd8 17. c3 c5 18. Bc2 cxd4 19. cxd4 Rac8 20. Ne4 Qc7 21.
Bb3 Nd5 22. Bxd5 exd5 23. Nc3 Bf6 24. Rhg1 Kh8 25. Qd3 Qd7 26. Ne2 Bxh4 27. Rg4
Be7 28. Rdg1 Bf8 29. Nf4 Rc6 30. Nh5 g6 31. Nf4 Bg7 32. Nh5 Rg8 33. Nxg7 Kxg7
34. f4 Rf6 35. Kc1 Re8 36. f3 Qf5 37. Kd2 Qxd3+ 38. Kxd3 Rfe6 39. f5 Re2 40. Re4
R2xe4 41. fxe4 Rxe4 42. fxg6 fxg6 43. Rc1 Rf4 44. Ke3 Re4+ 45. Kd3 Re7 46. b4 h5
47. a4 Kh6 48. a5 bxa5 49. bxa5 h4 50. Kd2 Kh5 51. Rc5 Rd7 52. Ke3 Kg4 53. Kf2
g5 54. Kg2 Kf4 55. Rc6 Rb7 56. Rf6+ Kg4 57. Rf2 Rb4 0-1

[Event "40th Olympiad Women"]
[Site "Istanbul TUR"]
[Date "2012.09.05"]
[Round "8.30"]
[Board "1"]
[White "Munoz, Carolina"]
[Black "Feliciano Ebert, Vanessa"]
[Result "0-1"]
[WhiteTitle "WIM"]
[BlackTitle "WFM"]
[WhiteElo "1981"]
[BlackElo "2231"]
[WhiteTeam "Costa Rica"]
[BlackTeam "Brazil"]
[WhiteFideId "6500579"]
[BlackFideId "2114160"]
[EventDate "2012.08.28"]

1. e4 c5 2. Nf3 Nc6 3. Bb5 g6 4. Bxc6 dxc6 5. d3 Bg7 6. h3 Nf6 7. Nc3 Nd7 8. Be3
e5 9. Qd2 Qe7 10. Bh6 f6 11. Nh2 Nf8 12. O-O-O Bxh6 13. Qxh6 Ne6 14. Ng4 Bd7 15.
Ne2 O-O-O 16. Kb1 Rhf8 17. Qd2 Nd4 18. c3 Ne6 19. g3 h5 20. Ne3 Ng5 21. Ng1 Be6
22. Qc2 f5 23. exf5 gxf5 24. f4 Nf7 25. Ne2 Rg8 26. fxe5 Nxe5 27. d4 Nf3 28.
Nxf5 Qf6 29. Ne3 cxd4 30. cxd4 Nxd4 31. Nxd4 Rxd4 32. Rxd4 Qxd4 33. Nf5 Qd7 34.
Rf1 Rg5 35. g4 hxg4 36. hxg4 Rxg4 37. Ne3 Rg8 38. Qd1 Qe7 39. Qf3 Rd8 40. Qf2
Qb4 41. Rd1 Rxd1+ 42. Nxd1 Bxa2+ 43. Kxa2 Qa4+ 44. Kb1 Qxd1+ 45. Ka2 Qd5+ 46.
Kb1 c5 47. Qf8+ Kc7 48. Qe7+ Kb6 49. Qf6+ Kb5 50. Qf1+ Qc4 51. Qf3 b6 52. Qb7
Qd3+ 53. Ka2 Kb4 54. Qxa7 Qb3+ 55. Kb1 Qd1+ 56. Ka2 Qa4+ 57. Qxa4+ Kxa4 58. b3+
Kb4 59. Kb2 b5 60. Kc2 Ka3 0-1

[Event "40th Olympiad Women"]
[Site "Istanbul TUR"]
[Date "2012.09.05"]
[Round "8.30"]
[Board "2"]
[White "Terao, Juliana Sayumi"]
[Black "Acevedo Mendez, Lisseth"]
[Result "1-0"]
[WhiteTitle "WIM"]
[WhiteElo "2187"]
[BlackElo "1843"]
[WhiteTeam "Brazil"]
[BlackTeam "Costa Rica"]
[WhiteFideId "2109220"]
[BlackFideId "6502938"]
[EventDate "2012.08.28"]

1. e4 e5 2. Nf3 Nc6 3. Bb5 a6 4. Ba4 Nf6 5. d3 b5 6. Bb3 Bc5 7. c3 Bb6 8. Nbd2
d6 9. Nf1 Ne7 10. Ng3 h6 11. h3 O-O 12. Nh4 d5 13. Qf3 Be6 14. Bxh6 Nxe4 15.
dxe4 gxh6 16. Qh5 Ng6 17. Nxg6 Bxf2+ 18. Ke2 Bxg3 19. Nxf8 Qxf8 20. exd5 Bd7 21.
Rhf1 Be8 22. d6 cxd6 23. Qf3 b4 24. Qxg3+ Kh8 25. Qf3 bxc3 26. bxc3 Rc8 27. Bxf7
a5 1-0

[Event "40th Olympiad Women"]
[Site "Istanbul TUR"]
[Date "2012.09.05"]
[Round "8.30"]
[Board "3"]
[White "Rodriguez Arrieta, Maria Elena"]
[Black "Guimaraes, Artemis Pamela"]
[Result "0-1"]
[WhiteElo "1738"]
[BlackElo "1996"]
[WhiteTeam "Costa Rica"]
[BlackTeam "Brazil"]
[WhiteFideId "6502911"]
[BlackFideId "2121107"]
[EventDate "2012.08.28"]

1. e4 e5 2. Nf3 Nc6 3. Bc4 Nf6 4. Ng5 d5 5. exd5 Na5 6. Bb5+ c6 7. dxc6 bxc6 8.
Be2 h6 9. Nf3 e4 10. Ne5 Bc5 11. c3 Qc7 12. d4 exd3 13. Nxd3 Bd6 14. h3 Bf5 15.
Nd2 O-O 16. O-O Rad8 17. b4 Bh2+ 18. Kh1 Bxd3 19. Bxd3 Rxd3 20. Qc2 Rfd8 21.
bxa5 Be5 22. Rb1 Rxc3 23. Qd1 Bf4 24. Qe1 Rxc1 25. Qxc1 Bxd2 26. Qc4 Bxa5 27.
Rbc1 Bb6 28. Rc2 Rd4 29. Qb3 Qd6 30. Re2 Bc7 31. g3 Qd5+ 32. Kg1 Qxb3 33. axb3
Bb6 34. Rc1 Rd3 35. Rb1 Rxg3+ 36. Kh2 Rd3 37. Kg2 Nd5 38. Re8+ Kh7 39. f3 Rd2+
40. Kg3 Bc7+ 41. Kh4 g5+ 0-1

[Event "40th Olympiad Women"]
[Site "Istanbul TUR"]
[Date "2012.09.05"]
[Round "8.30"]
[Board "4"]
[White "Chang, Suzana"]
[Black "Nunez Gonzalez, Neeshmy"]
[Result "1-0"]
[WhiteTitle "WFM"]
[WhiteElo "2006"]
[BlackElo "1828"]
[WhiteTeam "Brazil"]
[BlackTeam "Costa Rica"]
[WhiteFideId "2105985"]
[BlackFideId "6504396"]
[EventDate "2012.08.28"]

1. d4 Nf6 2. c4 g6 3. g3 Bg7 4. Bg2 d6 5. Nf3 O-O 6. O-O c5 7. Nc3 Qc7 8. Nb5
Qb6 9. dxc5 dxc5 10. Bf4 Rd8 11. Qb3 Ne8 12. a4 Nc6 13. Qa3 Na5 14. Nd2 a6 15.
Nc3 Rxd2 16. Bxd2 Nxc4 17. Nd5 Qd6 18. Bf4 e5 19. Qb3 Nxb2 20. Bc1 Nxa4 21. Rxa4
b5 22. Ra5 Be6 23. e4 Nc7 24. Rd1 Nxd5 25. exd5 Bg4 26. Re1 Re8 27. Qa2 Bc8 28.
Bd2 Bb7 29. Rb1 e4 30. Bf4 Qd7 31. d6 Bc3 32. Ra3 Bb4 33. Re3 a5 34. Qb2 c4 35.
Bh6 c3 36. Rxc3 Bxc3 37. Qxc3 f5 38. Rxb5 Re6 39. Qc4 1-0

[Event "40th Olympiad Women"]
[Site "Istanbul TUR"]
[Date "2012.09.05"]
[Round "8.31"]
[Board "1"]
[White "Petrenko, Svetlana"]
[Black "Bjerke, Silje"]
[Result "1-0"]
[WhiteTitle "IM"]
[BlackTitle "WIM"]
[WhiteElo "2199"]
[BlackElo "2235"]
[WhiteTeam "Moldova"]
[BlackTeam "Norway"]
[WhiteFideId "13900196"]
[BlackFideId "1502786"]
[EventDate "2012.08.28"]

1. e4 e5 2. Nf3 Nc6 3. Bb5 a6 4. Ba4 Nf6 5. O-O Be7 6. Re1 b5 7. Bb3 O-O 8. c3
d5 9. exd5 Nxd5 10. Nxe5 Nxe5 11. Rxe5 c6 12. d4 Bd6 13. Re1 Qh4 14. g3 Qh3 15.
Re4 g5 16. Qf1 Qh5 17. Bd1 Qh6 18. Bf3 f5 19. Re1 f4 20. Qg2 Be6 21. g4 Ne7 22.
Nd2 Bd5 23. Ne4 Rae8 24. Bd2 Kh8 25. Nxd6 Qxd6 26. Bxd5 cxd5 27. Re5 Rg8 28.
Rae1 Qd7 29. Kf1 a5 30. Qf3 a4 31. h3 h6 32. Qe2 Rg7 33. Re6 Kh7 34. Rb6 Nc8 35.
Qd3+ Kg8 36. Rxe8+ Qxe8 37. Rxh6 Ne7 38. Qe2 Qd7 39. Rb6 Rh7 40. Kg2 Qc7 41.
Qe6+ Kf8 42. Qf6+ Rf7 43. Qh8+ Ng8 44. Rg6 Rg7 45. Rf6+ Ke8 46. Rf5 Qd7 47. f3
Rg6 48. Kf2 Qc6 49. Qh5 Kd7 50. Rxg5 Rxg5 51. Qxg5 Ne7 52. Qxf4 Qc4 53. b3 axb3
54. axb3 Qxb3 55. h4 Qd1 56. Be1 Qc2+ 57. Qd2 Qh7 58. h5 Ng8 59. Qg5 Qc2+ 60.
Kg3 Ne7 61. Qd2 Qh7 62. Kg2 Ng8 63. Bh4 Qb1 64. Qg5 Qc2+ 65. Kg3 Qxc3 66. Qxd5+
Kc7 67. Qe5+ Kb6 68. Bd8+ Ka6 69. g5 b4 70. Qe6+ Kb7 71. Qxg8 b3 72. Ba5 Qc2 73.
Qg6 Qd1 74. Qb6+ Ka8 75. Qc6+ Ka7 76. Bb6+ Ka6 77. Bc7+ Ka7 78. Qb6+ Ka8 79.
Qb8# 1-0

[Event "40th Olympiad Women"]
[Site "Istanbul TUR"]
[Date "2012.09.05"]
[Round "8.31"]
[Board "2"]
[White "Hagesaether, Ellen"]
[Black "Baciu, Diana"]
[Result "1/2-1/2"]
[WhiteTitle "WIM"]
[BlackTitle "WFM"]
[WhiteElo "2230"]
[BlackElo "2186"]
[WhiteTeam "Norway"]
[BlackTeam "Moldova"]
[WhiteFideId "1501909"]
[BlackFideId "13903284"]
[EventDate "2012.08.28"]

1. e4 e6 2. Qe2 c5 3. Nf3 Nc6 4. g3 g6 5. Bg2 Bg7 6. c3 Nge7 7. h4 h6 8. O-O d6
9. d3 O-O 10. Be3 e5 11. Qd2 Kh7 12. h5 g5 13. Nh2 f5 14. exf5 Nxf5 15. Na3 Be6
16. Nc2 Qd7 17. a3 Na5 18. Rae1 c4 19. d4 Nb3 20. Qd1 exd4 21. Nxd4 Nfxd4 22.
Bxd4 Nxd4 23. cxd4 d5 24. Re2 Bf5 25. Rfe1 Rf7 26. Rd2 Raf8 27. Nf3 Bd3 28. Ne5
Bxe5 29. Rxe5 Re7 30. Rxe7+ Qxe7 31. Bxd5 Rd8 32. Rxd3 cxd3 33. Qxd3+ Kh8 34.
Be4 Qf6 35. d5 Qxb2 36. d6 Rf8 37. Bf5 Qe5 38. d7 Rd8 39. g4 b5 40. Qb3 Kg7 41.
Qb4 Qa1+ 42. Kg2 Qe5 43. Qa5 Rxd7 44. Bxd7 Qd5+ 45. Kg3 Qd6+ 46. Kg2 Qxd7 47.
Qc3+ Kf7 48. f3 1/2-1/2

[Event "40th Olympiad Women"]
[Site "Istanbul TUR"]
[Date "2012.09.05"]
[Round "8.31"]
[Board "3"]
[White "Smokina, Karolina"]
[Black "Sahl, Sheila Barth"]
[Result "1/2-1/2"]
[WhiteTitle "WGM"]
[BlackTitle "WIM"]
[WhiteElo "2156"]
[BlackElo "2235"]
[WhiteTeam "Moldova"]
[BlackTeam "Norway"]
[WhiteFideId "13900382"]
[BlackFideId "1500953"]
[EventDate "2012.08.28"]

1. c4 Nf6 2. Nc3 d5 3. cxd5 Nxd5 4. g3 g6 5. Bg2 Nb6 6. Nf3 Bg7 7. O-O O-O 8. d3
Nc6 9. Be3 e5 10. Qd2 Re8 11. Bh6 Bh8 12. Rac1 Nd4 13. Bg5 f6 14. Be3 c6 15. Ne4
Bg4 16. Bxd4 exd4 17. Nc5 Rb8 18. Rfe1 Be6 19. Qa5 Bf7 20. h4 Re7 21. a4 Bg7 22.
Qd2 Nd7 23. b4 Ne5 24. Nxe5 Rxe5 25. Qb2 Qe7 26. Qxd4 Rxe2 27. Rxe2 Qxe2 28. Qd6
Qe8 29. Nd7 Rd8 30. Nxf6+ Bxf6 31. Qxf6 Rxd3 32. Bf1 Rxg3+ 33. fxg3 Qe3+ 34. Qf2
Qxc1 35. Qxa7 Qc3 36. Qb8+ Kg7 37. Qf4 b6 38. Bg2 c5 39. bxc5 Qxc5+ 40. Kh2 Qc3
41. Qd6 Qb2 42. Qd7 h6 43. Qc7 Qd4 44. a5 bxa5 45. Qxa5 Qf6 46. Qd2 Qe5 47. Qf2 1/2-1/2

[Event "40th Olympiad Women"]
[Site "Istanbul TUR"]
[Date "2012.09.05"]
[Round "8.32"]
[Board "1"]
[White "Mazariego-K., Carolina"]
[Black "Golubenko, Valentina"]
[Result "1/2-1/2"]
[WhiteTitle "WIM"]
[BlackTitle "WGM"]
[WhiteElo "2062"]
[BlackElo "2297"]
[WhiteTeam "Guatemala"]
[BlackTeam "Croatia"]
[WhiteFideId "7300115"]
[BlackFideId "4501993"]
[EventDate "2012.08.28"]

1. d4 c5 2. e3 Nf6 3. Bd3 g6 4. Nd2 cxd4 5. exd4 Bg7 6. c3 O-O 7. Ne4 Nxe4 8.
Bxe4 d5 9. Bd3 Nc6 10. f4 e5 11. fxe5 f6 12. e6 Bxe6 13. Nf3 Qd7 14. O-O Rae8
15. Qc2 Rc8 16. Qf2 Ne7 17. Bf4 Bf5 18. Ne1 Be4 19. h3 g5 20. Bd2 h6 21. Be2 Ng6
22. Nd3 f5 23. Rfe1 b6 24. a4 f4 25. Bg4 Bf5 26. Bxf5 Qxf5 27. Qf1 f3 28. Qxf3
Qxf3 29. gxf3 Nh4 30. Re2 Rxf3 31. Re3 Rcf8 32. Rd1 Rxe3 33. Bxe3 Rf3 34. Bf2
Rxh3 35. Bxh4 Rxh4 36. Nb4 Rg4+ 37. Kh1 Kf7 38. Nxd5 Ke6 39. Nc7+ Kd7 40. Nb5 a6
41. Na3 h5 42. Rf1 Ke6 43. Nc4 b5 44. axb5 axb5 45. d5+ Ke7 46. d6+ Kd8 47. Nb6
Rh4+ 48. Kg2 Rg4+ 49. Kh1 Rh4+ 1/2-1/2

[Event "40th Olympiad Women"]
[Site "Istanbul TUR"]
[Date "2012.09.05"]
[Round "8.32"]
[Board "2"]
[White "Medic, Mirjana"]
[Black "Sotomayor Villatoro, Silvi"]
[Result "1-0"]
[WhiteTitle "WGM"]
[BlackTitle "WIM"]
[WhiteElo "2185"]
[BlackElo "1885"]
[WhiteTeam "Croatia"]
[BlackTeam "Guatemala"]
[WhiteFideId "14501619"]
[BlackFideId "7301057"]
[EventDate "2012.08.28"]

1. d4 Nf6 2. Nf3 d6 3. c4 g6 4. g3 Bg7 5. Bg2 Nbd7 6. Nc3 O-O 7. O-O c6 8. e4 e5
9. h3 Qe7 10. Be3 h6 11. Qc2 Ne8 12. Rad1 Kh7 13. Rfe1 Ndf6 14. b4 Nd7 15. a3 f5
16. exf5 gxf5 17. dxe5 dxe5 18. Nh4 Qf6 19. Nxf5 Kh8 20. Nxg7 Qxg7 21. Ne4 Ndf6
22. Nxf6 Qxf6 23. Bc5 Rf7 24. Rxe5 Be6 25. Rde1 Ng7 26. Bd4 Qd8 27. Bb2 Bd7 28.
Rh5 Kg8 29. Rxh6 Bf5 30. Qe2 Qg5 31. Bc1 Qd8 32. Rd1 Qf8 33. Bb2 Re8 34. Qh5 1-0

[Event "40th Olympiad Women"]
[Site "Istanbul TUR"]
[Date "2012.09.05"]
[Round "8.32"]
[Board "3"]
[White "Mencos, Claudia"]
[Black "Jelica, Mara"]
[Result "1/2-1/2"]
[WhiteTitle "WIM"]
[BlackTitle "WIM"]
[WhiteElo "2035"]
[BlackElo "2258"]
[WhiteTeam "Guatemala"]
[BlackTeam "Croatia"]
[WhiteFideId "7300573"]
[BlackFideId "14504111"]
[EventDate "2012.08.28"]

1. e4 c5 2. Nf3 Nc6 3. d4 cxd4 4. Nxd4 g6 5. Nc3 Bg7 6. Nb3 Nf6 7. Be2 O-O 8.
O-O d6 9. Bg5 a6 10. Re1 Be6 11. Bf1 Rc8 12. Nd5 Bxd5 13. exd5 Ne5 14. c3 Re8
15. a4 Qc7 16. a5 Nc4 17. Bc1 Qd7 18. Nd2 Nxd2 19. Qxd2 Qf5 20. c4 Ng4 21. h3
Ne5 22. Ra4 Rc7 23. b3 Nd7 24. Bd3 Qf6 25. Ra2 Qc3 26. Qxc3 Bxc3 27. Bd2 Bxd2
28. Rxd2 Kf8 29. Rde2 Ne5 30. Bb1 Rc5 31. Ra2 e6 32. f4 Nd7 33. dxe6 Rxe6 34.
Kf2 Rxe1 35. Kxe1 d5 36. Bd3 dxc4 37. Bxc4 Nb8 38. Rd2 Ke7 39. Re2+ Kf8 40. Rd2
Ke7 41. Re2+ Kf8 42. Rd2 Ke7 1/2-1/2

[Event "40th Olympiad Women"]
[Site "Istanbul TUR"]
[Date "2012.09.05"]
[Round "8.32"]
[Board "4"]
[White "Berke, Ana"]
[Black "Ortiz, Wendy"]
[Result "1-0"]
[WhiteTitle "WFM"]
[WhiteElo "2160"]
[BlackElo "1709"]
[WhiteTeam "Croatia"]
[BlackTeam "Guatemala"]
[WhiteFideId "14510359"]
[BlackFideId "7300476"]
[EventDate "2012.08.28"]

1. e4 c6 2. d4 d5 3. exd5 cxd5 4. c4 Nf6 5. Nc3 Nc6 6. Nf3 Bg4 7. Be3 e6 8. c5
Be7 9. Be2 O-O 10. O-O Ne4 11. Ne1 Bxe2 12. Nxe2 b6 13. f3 Nf6 14. Nd3 Nd7 15.
b4 Bf6 16. b5 Nxd4 17. Nxd4 bxc5 18. Nc6 Qb6 19. Rb1 d4 20. Bd2 a6 21. Ba5 Qb7
22. a4 axb5 23. axb5 Qc8 24. Qc2 Ne5 25. Ndxe5 Bxe5 26. Ne7+ Kh8 27. Nxc8 Rfxc8
28. Bd2 c4 29. b6 d3 30. Qd1 Bd4+ 31. Kh1 c3 32. Bxc3 Rxc3 33. b7 Rb8 34. Qa4
Be5 35. Rfc1 h6 36. Rxc3 Bxc3 37. Qb3 1-0

[Event "40th Olympiad Women"]
[Site "Istanbul TUR"]
[Date "2012.09.05"]
[Round "8.33"]
[Board "2"]
[White "Algildah, Nibal"]
[Black "Gao, Judy"]
[Result "1/2-1/2"]
[WhiteTitle "WIM"]
[BlackTitle "WCM"]
[WhiteElo "1881"]
[BlackElo "1949"]
[WhiteTeam "Syria"]
[BlackTeam "New Zealand"]
[WhiteFideId "7600950"]
[BlackFideId "4302257"]
[EventDate "2012.08.28"]

1. d4 f5 2. Nf3 Nf6 3. c3 e6 4. Bg5 d5 5. e3 Nbd7 6. Nbd2 Bd6 7. Bd3 b6 8. Qa4
Bb7 9. Ne5 O-O 10. f4 a6 11. Qc2 Qe8 12. O-O-O Ne4 13. Nxd7 Qxd7 14. Bh4 c5 15.
Rdf1 b5 16. g4 Rfc8 17. gxf5 exf5 18. Bxe4 dxe4 19. Nb3 Bd5 20. Rhg1 Kh8 21.
dxc5 Bxb3 22. axb3 Bxc5 23. Qd2 Qa7 24. Rg3 Be7 25. Bxe7 Qxe7 26. Qd5 Qf6 27.
Qd4 Qe7 28. Rfg1 Rg8 29. Qd5 g6 30. Qd4+ Qg7 31. h4 Rad8 32. Qb6 Rd3 33. h5
Rxc3+ 34. bxc3 Qxc3+ 35. Kd1 Qxb3+ 36. Ke1 Qb1+ 37. Kf2 Qc2+ 38. Ke1 Qc1+ 39.
Ke2 Qc2+ 40. Kf1 Qd1+ 41. Kf2 Qd2+ 42. Kf1 Qd1+ 43. Kf2 Qd2+ 1/2-1/2

[Event "40th Olympiad Women"]
[Site "Istanbul TUR"]
[Date "2012.09.05"]
[Round "8.33"]
[Board "4"]
[White "Stef, Shirin"]
[Black "Meyer, Marany"]
[Result "1/2-1/2"]
[BlackTitle "WIM"]
[WhiteElo "1942"]
[BlackElo "2117"]
[WhiteTeam "Syria"]
[BlackTeam "New Zealand"]
[WhiteFideId "7602030"]
[BlackFideId "14300435"]
[EventDate "2012.08.28"]

1. d4 g6 2. Nf3 Bg7 3. Bf4 d6 4. e3 b6 5. Bd3 Bb7 6. Nbd2 Nd7 7. c3 Ngf6 8. Qc2
e6 9. h3 Qe7 10. Ne4 Nxe4 11. Bxe4 d5 12. Bd3 e5 13. dxe5 Nxe5 14. Nxe5 Bxe5 15.
Bxe5 Qxe5 16. O-O-O O-O-O 17. Qe2 Kb8 18. Ba6 Ba8 19. Rd2 Rd6 20. Rhd1 Rhd8 21.
Qg4 Bb7 22. Bxb7 Kxb7 23. Qd4 Qe6 24. Qf4 f5 25. g4 R8d7 26. g5 Qe4 27. Rd4 Qxf4
28. Rxf4 c5 29. h4 Kc6 30. Kc2 Re6 31. Kd2 Rde7 1/2-1/2

[Event "40th Olympiad Women"]
[Site "Istanbul TUR"]
[Date "2012.09.05"]
[Round "8.34"]
[Board "1"]
[White "Smith, Olivia"]
[Black "Vazquez Maccarini, Danitza"]
[Result "0-1"]
[WhiteTitle "WFM"]
[BlackTitle "WFM"]
[WhiteElo "2022"]
[BlackElo "1916"]
[WhiteTeam "Wales"]
[BlackTeam "Puerto Rico"]
[WhiteFideId "411850"]
[BlackFideId "3101193"]
[EventDate "2012.08.28"]

1. e4 c5 2. Nf3 e6 3. g3 a6 4. Bg2 Nc6 5. O-O g6 6. c3 Bg7 7. d4 cxd4 8. cxd4 d6
9. Nc3 Nge7 10. Be3 O-O 11. Qd2 d5 12. e5 Nf5 13. Bf4 b5 14. Rad1 Bd7 15. Ne2 b4
16. g4 Nfe7 17. Ng3 f5 18. h3 fxg4 19. hxg4 b3 20. axb3 Rb8 21. Qe3 Na5 22. Nd2
Qb6 23. Bh6 Nxb3 24. Bxg7 Kxg7 25. Qg5 Ng8 26. Nf3 h6 27. Qe3 Na5 28. Nd2 Qxb2
29. Rb1 Qc2 30. Rxb8 Rxb8 31. Bxd5 Rb2 32. Nf3 exd5 33. e6 Nc4 34. Qe1 Be8 35.
g5 hxg5 36. Kg2 g4 37. Ne5 Qd2 38. Nxc4 Qxe1 39. Rxe1 dxc4 40. d5 Rd2 41. Re4
Rxd5 42. Rxc4 Rd6 43. Rc7+ Kf8 44. Ne4 Bc6 45. Rc8+ Kg7 46. Rc7+ Kh8 47. f3
gxf3+ 48. Kxf3 Rxe6 0-1

[Event "40th Olympiad Women"]
[Site "Istanbul TUR"]
[Date "2012.09.05"]
[Round "8.34"]
[Board "2"]
[White "Comas Colon, Rinelly"]
[Black "Blackburn, Suzie G."]
[Result "1/2-1/2"]
[WhiteTitle "WFM"]
[BlackTitle "WFM"]
[WhiteElo "1810"]
[BlackElo "1967"]
[WhiteTeam "Puerto Rico"]
[BlackTeam "Wales"]
[WhiteFideId "3101576"]
[BlackFideId "414930"]
[EventDate "2012.08.28"]

1. c4 e6 2. g3 d5 3. Bg2 Nf6 4. Nf3 Be7 5. O-O O-O 6. b3 c5 7. cxd5 exd5 8. d4
Nc6 9. Bb2 b6 10. Nc3 Ba6 11. Re1 Rc8 12. Rc1 c4 13. bxc4 Bxc4 14. Ne5 Na5 15.
Nxc4 Nxc4 16. Qb3 b5 17. Red1 Rb8 18. e3 Qa5 19. Rc2 Rfd8 20. Bc1 a6 21. a4 Qb6
22. axb5 axb5 23. Bd2 Qe6 24. Ra1 Ne4 25. Nxe4 dxe4 26. Bb4 g6 27. Bxe7 Qxe7 28.
Rca2 Rd7 29. Ra8 Rb7 30. Rxb8+ Rxb8 31. Qc2 f5 32. Rb1 Kg7 33. Qc3 Kh6 34. Bf1
Qa3 35. Rb3 Qa7 36. Bxc4 bxc4 37. Rxb8 Qxb8 38. Qxc4 Qb1+ 39. Qf1 Qc2 40. h4 Qd2
41. Kg2 1/2-1/2